<?xml version="1.0" encoding="UTF-8"?><?xml-stylesheet type="text/xsl" href="static/style.xsl"?><OAI-PMH xmlns="http://www.openarchives.org/OAI/2.0/" xmlns:xsi="http://www.w3.org/2001/XMLSchema-instance" xsi:schemaLocation="http://www.openarchives.org/OAI/2.0/ http://www.openarchives.org/OAI/2.0/OAI-PMH.xsd"><responseDate>2026-04-14T02:09:07Z</responseDate><request verb="GetRecord" identifier="oai:www.recercat.cat:2117/91001" metadataPrefix="marc">https://recercat.cat/oai/request</request><GetRecord><record><header><identifier>oai:recercat.cat:2117/91001</identifier><datestamp>2026-01-22T02:12:40Z</datestamp><setSpec>com_2072_1033</setSpec><setSpec>col_2072_452949</setSpec></header><metadata><record xmlns="http://www.loc.gov/MARC21/slim" xmlns:dcterms="http://purl.org/dc/terms/" xmlns:xsi="http://www.w3.org/2001/XMLSchema-instance" xmlns:doc="http://www.lyncode.com/xoai" xsi:schemaLocation="http://www.loc.gov/MARC21/slim http://www.loc.gov/standards/marcxml/schema/MARC21slim.xsd">
   <leader>00925njm 22002777a 4500</leader>
   <datafield ind2=" " ind1=" " tag="042">
      <subfield code="a">dc</subfield>
   </datafield>
   <datafield ind2=" " ind1=" " tag="720">
      <subfield code="a">Rivas Sanz, Juan Luis de las</subfield>
      <subfield code="e">author</subfield>
   </datafield>
   <datafield ind2=" " ind1=" " tag="720">
      <subfield code="a">Fernández-Maroto, Miguel</subfield>
      <subfield code="e">author</subfield>
   </datafield>
   <datafield ind2=" " ind1=" " tag="720">
      <subfield code="a">Rodrigo González, Enrique</subfield>
      <subfield code="e">author</subfield>
   </datafield>
   <datafield ind2=" " ind1=" " tag="720">
      <subfield code="a">Pérez-Eguíluz, Victor</subfield>
      <subfield code="e">author</subfield>
   </datafield>
   <datafield ind2=" " ind1=" " tag="260">
      <subfield code="c">2016-07</subfield>
   </datafield>
   <datafield ind2=" " ind1=" " tag="520">
      <subfield code="a">Urban regeneration has become a priority for urban planning in Spain, because it is one of the best ways to foster a more sustainable, compact and mixed-use urban model, founded in the improvement of existing city. The Master Plan of Valladolid (Spain) has been an opportunity to tackle this objective by a thorough study of existing urban fabrics, in order to program future actions and projects.&#xd;
The built city was divided into units, and each of them was carefully analysed in order to identify opportunities for improvement, such as vacant spaces or deprived areas. Every regeneration action was then designed to also generate a positive impact on its surroundings, which requires knowing the needs and structural deficits of each neighbourhood. That’s why a homogeneous “neighbourhood data system” was created, in order to propose the most appropriate action for each case.&#xd;
However, "measuring" the city is a difficult task. There are different official sources of urban data, but they are not oriented to this kind of evaluation. For instance, census data have lost accuracy due to its new methodology (2011), and their level of disaggregation is often inadequate. Other sources such as Cadastre are aimed at tax purposes and they must therefore be reinterpreted.</subfield>
   </datafield>
   <datafield tag="653" ind2=" " ind1=" ">
      <subfield code="a">Àrees temàtiques de la UPC::Urbanisme</subfield>
   </datafield>
   <datafield tag="653" ind2=" " ind1=" ">
      <subfield code="a">Urban renewal -- Spain -- Valladolid</subfield>
   </datafield>
   <datafield tag="653" ind2=" " ind1=" ">
      <subfield code="a">Urban regeneration</subfield>
   </datafield>
   <datafield tag="653" ind2=" " ind1=" ">
      <subfield code="a">Urban data</subfield>
   </datafield>
   <datafield tag="653" ind2=" " ind1=" ">
      <subfield code="a">Neighbourhood units</subfield>
   </datafield>
   <datafield tag="653" ind2=" " ind1=" ">
      <subfield code="a">Valladolid</subfield>
   </datafield>
   <datafield tag="653" ind2=" " ind1=" ">
      <subfield code="a">Rehabilitació urbana -- Castella i Lleó -- Valladolid</subfield>
   </datafield>
   <datafield ind2="0" ind1="0" tag="245">
      <subfield code="a">Detecting opportunities: neighbourhood data dynamics for urban regeneration in Valladolid (Spain)</subfield>
   </datafield>
</record></metadata></record></GetRecord></OAI-PMH>